Dinamo Zagreb Squad 2023/24 - Statistics

General Stats
  • This quiz has been taken 92 times
  • The average score is 22 of 31
Answer Stats
Position Nationality Number Player % Correct
Centre-Forward Croatia 9 Bruno Petković
96%
Goalkeeper Croatia 33 Ivan Nevistić
95%
Goalkeeper Croatia 1 Danijel Zagorac
93%
Attacking Midfield Croatia 10 Martin Baturina
93%
Right Back North Macedonia 22 Stefan Ristovski
89%
Defensive Midfield North Macedonia 5 Arijan Ademi
88%
Centre Back France 28 Kevin Theophile-Catherine
88%
Defensive Midfield Croatia 27 Josip Mišić
87%
Centre-Forward Croatia 17 Sandro Kulenović
87%
Right Winger Japan 30 Takuro Kaneko
84%
Left Winger Kosovo 20 Arber Hoxha
83%
Defensive Midfield Bosnia and Herzegovina 25 Petar Sučić
82%
Right Back Iran 2 Sadegh Moharrami
82%
Left Back Japan 3 Takuya Ogiwara
79%
Centre Back France 6 Maxime Bernauer
76%
Centre Back Croatia 55 Dino Perić
75%
Left Winger Croatia 77 Dario Špikić
74%
Centre-Forward Azerbaijan 11 Mahir Emreli
74%
Right Back France 18 Ronael Pierre-Gabriel
74%
Centre-Forward Switzerland 18 Josip Drmić
72%
Centre Back Croatia 4 Boško Šutalo
68%
Attacking Midfield Croatia 8 Lukas Kačavenda
61%
Left Winger Croatia 7 Luka Stojković
61%
Left Winger Croatia 72 Gabriel Vidović
59%
Centre Back Croatia 39 Mauro Perković
57%
Centre-Forward Croatia 19 Fran Brodić
51%
Central Midfield Croatia 14 Marko Rog
50%
Defensive Midfield Croatia 31 Marko Bulat
49%
Goalkeeper Bosnia and Herzegovina 32 Faris Krkalić
43%
Centre Back Croatia 15 Moreno Živković
38%
Attacking Midfield Croatia 23 Tibor Halilović
32%
No matching quizzes found
Score Distribution
Percent of People with Each Score
Percentile by Number Answered
Your Score History
You have not taken this quiz